Super techniques Inazuma Eleven par images #4 - Statistiques

Statistiques générales
  • Ce quiz a été pris 704 fois
  • Le résultat moyen est 8 sur 15
Statistiques - réponses
Par images Hint Réponse % Correct
Equipe D Manchot empereur puissance X
90%
Raimon Trampoline du tonnerre
90%
Genesis Météore géant
76%
Raimon Arrêt céleste
64%
Raimon Poing ardent
62%
Diamond Dust Impact nordique
58%
Raimon Danse ardente
50%
Royal Academy Bouclier d'énergie
48%
Epsilon Frappe de Gaïa
45%
Chaos Tacle incendiaire
44%
Big Waves Grande Barrière de corail
42%
Zeus Méga séisme
37%
Services secrets Arrêt de sécurité
29%
Empereurs noirs Etoile filante
26%
Raimon Tir de la comète
22%
Aucun quiz correspondant
Distribution des résultats
% des personnes avec chaque résultat
Percentile par nombre de réponses
Votre historique - résultats
Vous n’avez pas pris ce quiz